ბათუმის შოთა რუსთაველის სახელმწიფო უნივერსიტეტის ბიბლიოთეკა

Экономика: Справочник. (ბიბ.ჩანაწერი № 37167)

000 -LEADER
fixed length control field 00649nam a2200229Ia 4500
001 - CONTROL NUMBER
control field 3123
003 - CONTROL NUMBER IDENTIFIER
control field GE_BSU
008 - FIXED-LENGTH DATA ELEMENTS--GENERAL INFORMATION
fixed length control field 181216s||||||||xx |||||||||||||| ||und||
020 ## - INTERNATIONAL STANDARD BOOK NUMBER
International Standard Book Number 5279017116
040 ## - CATALOGING SOURCE
Transcribing agency GE_BSU
080 ## - UNIVERSAL DECIMAL CLASSIFICATION NUMBER
Universal Decimal Classification number 33(03)(075.8)
100 ## - MAIN ENTRY--PERSONAL NAME
Personal name Борисов, Е.Ф. А.А. петров.
245 ## - TITLE STATEMENT
Title Экономика: Справочник.
245 ## - TITLE STATEMENT
Statement of responsibility, etc. Ред. Л.В. Тимошенквоа.
260 ## - PUBLICATION, DISTRIBUTION, ETC.
Place of publication, distribution, etc. Москва
260 ## - PUBLICATION, DISTRIBUTION, ETC.
Name of publisher, distributor, etc. Финанс и Статистиака
260 ## - PUBLICATION, DISTRIBUTION, ETC.
Date of publication, distribution, etc. 1997
300 ## - PHYSICAL DESCRIPTION
Extent 400Л. ил. 20 см.
653 ## - INDEX TERM--UNCONTROLLED
Uncontrolled term Экономика: Справочник.
942 ## - ADDED ENTRY ELEMENTS (KOHA)
Koha item type წიგნი
ეგზემპლარები
Withdrawn status Lost status Damaged status Not for loan Date acquired Barcode Date last seen Price effective from Koha item type Public note
        2018-12-17 7841 2018-12-17 2018-12-17 წიგნი დარბაზი
        2018-12-17 7842 2018-12-17 2018-12-17 წიგნი დარბაზი
        2018-12-17 8203 2018-12-17 2018-12-17 წიგნი დარბაზი
        2018-12-17 8204 2018-12-17 2018-12-17 წიგნი დარდაზი